000 00610nam a2200205Ia 4500
003 GCL
008 140319s9999 xx 000 0 ara d
040 _aGCL /
_cGCL
082 0 4 _aق
_b610.9
_bى ط
100 1 _aريتر لويس
245 1 0 _aالطب والتحنيط فى عهد الفراعنة /
_cريتر لويس
700 1 _aانطوان زكرى
700 1 _aحيار، يوليوس
300 _a207 ص
490 _a100 قصة
_v0
650 0 4 _aالحضارة الفرعونية
650 0 4 _aالتحنيط عند الفراعنة
650 0 4 _aالطب المصرى
942 _2ddc
_cBK
999 _c46389
_d46389